LEADER 00905nam a2200229 4500 001 000000361987 003 CaOOAMICUS 005 20250328125008.0 008 250307s1978 it 000 u ita r 040 $aSeMil$bita 100 1 $aBrissoni, Armando.$0(OLS)http://semarc/name/55843 245 10$aEpistemologia ed antropologia culturale /$cArmando Brissoni. 264 1$aRoma :$bCadmo,$c1978. 300 $a93 p. ;$c22 cm 650 4$aEpistemologia.$0(OLS)http://semarc/subject/312 650 4$aAntropologia culturale.$0(OLS)http://semarc/subject/2863 850 $aSeMil 852 $aSeMil$W1$xVenegono$y1$m2Q VII 154$j255519$B252924$CSeMilBibl$Z2$F252924 $81 961 $aBuzzi mons. Franco - Omaggio 996 $6245$aEpistemologia ed antropologia culturale$9(OLS)http://semarc/title/452839 996 $6264$aRoma :$bCadmo$9(OLS)http://semarc/publisher/33783 LEADER 00725nam a2200217 i 4500 001 000000199799 003 CaOOAMICUS 005 20140407000000.0 008 140407s1938 it u000 u ita u 013 $a178491 040 $aSeMil$bita 100 1 $aGiocondo : di Maria.$0(OLS)http://semarc/name/10318 245 10$aVol. 1. 300 $a205 p. ;$c15 cm. 500 $aFondo card. Giovanni Colombo. 773 0 $aGiocondo : di Maria$tMedita.$dTorino : Casa Editrice A. & C., nulla osta 1938.$w()23127 850 $aSeMil 852 $aSeMil$W1$xVenegono$y1$m3GC I 7$j150334$B150334$CSeMilBibl$Z2$F161687 $8B 941 1 $a3 961 $aLascito: Colombo Card. Giovanni 996 $6245$aVol. 1$9(OLS)http://semarc/title/13429